[Event "Skalica Open 2019"]
[Site "Skalica"]
[Date "2019.08.25"]
[Round "1.24"]
[White "Palka, Miroslav"]
[Black "Ralbovsky, Milan"]
[Result "1-0"]
[WhiteElo "1869"]
[BlackElo "1340"]
[Annotator "NA"]
[PlyCount "69"]
[EventDate "2019.08.25"]
[EventType "swiss"]
[EventCountry "SVK"]
[SourceTitle "playchess.com"]
[Source "ChessBase"]
[SourceQuality "1"]
[TimeControl "40/5400+30:1800+30"]

1. c4 {[%emt 0:00:00]} g6 {[%emt 0:00:07]} 2. e4 {[%emt 0:00:00]} e6 {[%emt 0:00:49]} 3. Nc3 {[%emt 0:00:00]} b6 {[%emt 0:00:42]} 4. d4 {[%emt 0:00:08]} Bg7 {[%emt 0:00:11]} 5. Be3 {[%emt 0:00:18]} Bb7 {[%emt 0:01:01]} 6. f3 {[%emt 0:00:08]} d6 {[%emt 0:01:04]} 7. Qd2 {[%emt 0:00:07]} Nd7 {[%emt 0:01:21]} 8. O-O-O {[%emt 0:00:20]} Ne7 {[%emt 0:00:38]} 9. g4 {[%emt 0:00:33]} c6 {[%emt 0:05:59]} 10. h4 {[%emt 0:00:27]} f6 {[%emt 0:02:45]} 11. Bh6 {[%emt 0:01:06]} Rg8 {[%emt 0:06:53]} 12. Bxg7 {[%emt 0:00:33]} Rxg7 {[%emt 0:00:02]} 13. Nh3 {[%emt 0:01:01]} Ng8 {[%emt 0:04:27]} 14. d5 {[%emt 0:00:45]} e5 {[%emt 0:02:27]} 15. dxc6 {[%emt 0:00:15]} Bxc6 {[%emt 0:13:58]} 16. Qxd6 {[%emt 0:00:09]} Rc8 {[%emt 0:00:33]} 17. Kb1 {[%emt 0:01:22]} Qe7 {[%emt 0:03:10]} 18. Qd2 {[%emt 0:00:34]} Rd8 {[%emt 0:00:11]} 19. Nd5 {[%emt 0:00:15]} Bxd5 {[%emt 0:02:17]} 20. cxd5 {[%emt 0:00:06]} Rc8 {[%emt 0:04:02]} 21. Ba6 {[%emt 0:00:30]} Rc5 {[%emt 0:00:35]} 22. b4 {[%emt 0:01:26]} Rxd5 {[%emt 0:07:01]} 23. exd5 {[%emt 0:00:34]} f5 {[%emt 0:00:12]} 24. Ng5 {[%emt 0:00:25]} Ngf6 {[%emt 0:02:40]} 25. Rc1 {[%emt 0:00:18]} Qd6 {[%emt 0:01:44]} 26. Ne6 {[%emt 0:00:59]} Re7 {[%emt 0:01:04]} 27. Rc8+ {[%emt 0:00:10]} Kf7 {[%emt 0:00:26]} 28. Ng5+ {[%emt 0:00:45]} Kg7 {[%emt 0:00:32]} 29. Rd1 {[%emt 0:00:17]} fxg4 30. Rc6 Qb8 {[%emt 0:08:34]} 31. Ne6+ {[%emt 0:00:23]} Kh8 {[%emt 0:05:04]} 32. Rc8+ {[%emt 0:00:11]} Ne8 {[%emt 0:01:17]} 33. Rxb8 {[%emt 0:00:53]} Nxb8 {[%emt 0:00:03]} 34. Qh6 {[%emt 0:00:17]} Nxa6 {[%emt 0:00:48]} 35. Qf8# {[%emt 0:00:14]} 1-0

[Event "Skalica Open 2019"]
[Site "Skalica"]
[Date "2019.08.26"]
[Round "2.1"]
[White "Sahidi, Samir"]
[Black "Demidov, Mikhail"]
[Result "0-1"]
[WhiteElo "2366"]
[BlackElo "2556"]
[Annotator "ChessBase"]
[PlyCount "120"]
[EventDate "2019.08.25"]
[EventType "swiss"]
[EventCountry "SVK"]
[SourceTitle "playchess.com"]
[Source "ChessBase"]
[SourceQuality "1"]
[TimeControl "40/5400+30:1800+30"]

1. d4 {[%emt 0:00:00]} g6 {[%emt 0:00:00]} 2. e4 {[%emt 0:00:40]} Bg7 {[%emt 0:00:00]} 3. Nc3 {[%emt 0:01:25]} d6 {[%emt 0:00:44]} 4. Be3 {[%emt 0:02:21]} a6 {[%emt 0:00:38]} 5. Qd2 {[%emt 0:05:13]} b5 {[%emt 0:00:36]} 6. f3 {[%emt 0:05:23]} Bb7 {[%emt 0:01:29]} 7. h4 {[%emt 0:04:31]} h5 {[%emt 0:01:20]} 8. Nh3 {[%emt 0:02:04]} Nf6 {[%emt 0:01:32]} 9. Be2 {[%emt 0:16:59]} Nbd7 {[%emt 0:00:46]} 10. O-O {[%emt 0:01:08]} e6 {[%emt 0:01:24]} 11. a4 {[%emt 0:01:04]} b4 {[%emt 0:01:17]} 12. Na2 {[%emt 0:00:37]} a5 {[%emt 0:00:08]} 13. c4 {[%emt 0:00:24]} bxc3 {[%emt 0:00:44]} 14. Nxc3 {[%emt 0:00:26]} O-O {[%emt 0:00:27]} 15. Bg5 {[%emt 0:02:15]} Qb8 {[%emt 0:00:45]} 16. Rfc1 {[%emt 0:01:43]} Rc8 {[%emt 0:02:57]} 17. Nb5 {[%emt 0:04:09]} c6 {[%emt 0:02:56]} 18. Na3 {[%emt 0:00:45]} Ba6 {[%emt 0:03:18]} 19. Bxa6 {[%emt 0:04:10]} Rxa6 {[%emt 0:00:03]} 20. Bf4 {[%emt 0:01:20]} Ne8 {[%emt 0:03:09]} 21. Kh1 {[%emt 0:02:28]} c5 {[%emt 0:07:37]} 22. Be3 {[%emt 0:03:21]} cxd4 {[%emt 0:02:44]} 23. Rxc8 {[%emt 0:03:45]} Qxc8 {[%emt 0:00:27]} 24. Bxd4 {[%emt 0:00:05]} Bxd4 {[%emt 0:03:57]} 25. Qxd4 {[%emt 0:00:09]} Qc5 {[%emt 0:00:53]} 26. Rd1 {[%emt 0:01:44]} Qxd4 {[%emt 0:03:12]} 27. Rxd4 {[%emt 0:00:16]} Rb6 {[%emt 0:00:22]} 28. Nb5 {[%emt 0:05:35]} Kf8 {[%emt 0:02:39]} 29. Ng5 {[%emt 0:07:45]} Rc6 {[%emt 0:05:44]} 30. Kh2 {[%emt 0:04:28]} Ke7 {[%emt 0:01:25]} 31. Na3 {[%emt 0:01:40]} Nb6 {[%emt 0:02:56]} 32. Nb5 {[%emt 0:02:45]} e5 {[%emt 0:05:01]} 33. Rd3 {[%emt 0:01:07]} f6 {[%emt 0:02:52]} 34. Nh3 {[%emt 0:00:06]} Nxa4 {[%emt 0:10:48]} 35. Ra3 {[%emt 0:00:16]} Nxb2 {[%emt 0:00:24]} 36. Rxa5 {[%emt 0:00:09]} Rc5 {[%emt 0:01:10]} 37. Ra7+ {[%emt 0:00:10]} Kf8 {[%emt 0:00:15]} 38. Rb7 {[%emt 0:00:51]} Nd3 {[%emt 0:01:54]} 39. Rb6 {[%emt 0:01:12]} Ke7 {[%emt 0:04:10]} 40. Rb7+ {[%emt 0:00:33]} Kd8 {[%emt 0:00:30]} 41. Rb6 {[%emt 0:32:05]} Kd7 {[%emt 0:45:26]} 42. Rb7+ {[%emt 0:00:40]} Nc7 {[%emt 0:02:27]} 43. Nxc7 {[%emt 0:00:20]} Rxc7 {[%emt 0:00:04]} 44. Rb8 {[%emt 0:01:12]} Rc2 {[%emt 0:00:50]} 45. Kg1 {[%emt 0:03:39]} f5 {[%emt 0:04:33]} 46. Rg8 {[%emt 0:07:02]} fxe4 {[%emt 0:01:43]} 47. fxe4 {[%emt 0:00:09]} Re2 {[%emt 0:00:25]} 48. Rg7+ {[%emt 0:00:00]} Kc6 {[%emt 0:00:00]} 49. Rxg6 {[%emt 0:00:00]} Rxe4 {[%emt 0:00:00]} 50. Rh6 {[%emt 0:00:00]} Re1+ {[%emt 0:00:00]} 51. Kh2 {[%emt 0:00:00]} e4 {[%emt 0:00:00]} 52. Ng5 {[%emt 0:00:00]} Ne5 {[%emt 0:00:00]} 53. Kg3 {[%emt 0:00:00]} Kd5 {[%emt 0:00:00]} 54. Rxh5 {[%emt 0:00:00]} Rf1 {[%emt 0:00:00]} 55. Nxe4 {[%emt 0:00:00]} Kxe4 {[%emt 0:00:00]} 56. Rh8 {[%emt 0:00:00]} d5 {[%emt 0:00:00]} 57. h5 {[%emt 0:00:00]} d4 {[%emt 0:00:00]} 58. h6 {[%emt 0:00:00]} Rh1 {[%emt 0:00:00]} 59. h7 {[%emt 0:00:00]} d3 {[%emt 0:00:00]} 60. Kf2 {[%emt 0:00:00]} d2 {[%emt 0:00:00]} 0-1

[Event "Skalica Open 2019"]
[Site "Skalica"]
[Date "2019.08.26"]
[Round "2.2"]
[White "Istona, Martin"]
[Black "Potapov, Pavel"]
[Result "1/2-1/2"]
[WhiteElo "2235"]
[BlackElo "2496"]
[Annotator "TA"]
[PlyCount "185"]
[EventDate "2019.08.25"]
[EventType "swiss"]
[EventCountry "SVK"]
[SourceTitle "playchess.com"]
[Source "ChessBase"]
[SourceQuality "1"]

{[%evp 14,185,33,33,27,35,25,0,28,28,28,24,25,25,33,41,35,35,34,31,38,0,48,47,41,41,89,97,87,96,95,93,99,92,98,88,232,227,235,164,166,156,158,85,94,86,200,164,180,176,181,180,178,172,151,114,112,31,46,0,0,0,0,0,0,0,0,0,0,0,0,-25,-20,-23,-19,-22,-22,-22,-19,-18,-11,-17,-18,-19,-12,-12,-13,-16,-17,-47,-32,-39,-24,-30,-11,-16,-11,-16,-16,-31,-11,-11,-11,-11,-11,-11,-11,-11,-11,-11,-11,-11,-11,-11,-11,-11,-11,-11,-11,-11,-11,-11,-11,-11,-11,-11,-11,-11,-11,-11,-11,-11,-11,-11,-11,-11,-11,-11,-11,-11,-11,-11,-11,-11,-11,-11,-11,-11,-11,-11,-11,-11,-11,-14,-14,-14,-14,-18,-18,-18,-18,-18,-18,-18,-18,-18,-14,-29,-36,-46,-22,-43,-43,-43]} 1. e4 c5 2. Nf3 Nc6 3. d4 cxd4 4. Nxd4 e5 5. Nb5 d6 6. N1c3 a6 7. Na3 Be7 8. Nc4 b5 {B32: Sicilian: Löwenthal and Kalashnikov Variations} 9. Ne3 $1 Nf6 10. g3 O-O {The position is equal.} (10... b4 $5 {[%cal Rb4c3]} 11. Ncd5 Nxe4 $11) 11. Bg2 b4 12. Ncd5 Nxd5 13. Nxd5 Bg5 14. Bxg5 Qxg5 15. O-O (15. a3 bxa3 16. Rxa3 {½-½ (42) Robson,R (2667)-Moranda,W (2595) chess.com INT 2019}) 15... Rb8 16. Qd3 {[#]} a5 $146 17. Rfd1 Rd8 18. h4 Qh6 19. c3 Bg4 20. Rd2 bxc3 21. bxc3 (21. Qxc3 $6 Be6 $11) 21... Be6 22. Ne3 g6 23. Qa6 Rbc8 24. Bf1 f5 (24... Qf8 $16 {is a better defense.}) 25. Bc4 $18 Bxc4 26. Qxc4+ Kh8 {[#] Threatens to win with ...Nd4.} 27. Qe6 $1 f4 28. Ng4 (28. Nc4 $142) 28... Qf8 $16 29. Rad1 {[%cal Rd2d6]} h5 (29... fxg3 $16 {might work better.} 30. fxg3 Qe7 31. Qxe7 Nxe7) 30. Rxd6 (30. Qxg6 $6 hxg4 31. Rxd6 Rxd6 $16) 30... hxg4 31. Qxg6 {Hoping for Qh5+.} Rxd6 32. Rxd6 Ne7 33. Qh5+ {[%mdl 64] [#] Double Attack} ({Much less strong is} 33. Qxg4 $6 fxg3 34. fxg3 Rb8 $14) 33... Kg8 34. Qxe5 Qg7 35. Qe6+ ({Don't play} 35. Qxa5 $6 fxg3 36. fxg3 Rxc3 $11) (35. gxf4 Qxe5 36. fxe5 Rxc3 $11) (35. Qxf4 $16 Rxc3 36. e5) 35... Kf8 $1 $14 36. e5 fxg3 37. fxg3 Rb8 38. Rd4 Qg6 ({But not} 38... Rb1+ $6 39. Kh2 $16) 39. Rf4+ Ke8 40. Qxg6+ Nxg6 41. Rxg4 $11 {[%mdl 4096] Endgame KRN-KR} Kf7 42. Kf2 Rb2+ 43. Ke3 Rxa2 44. e6+ Kf6 45. h5 Ne7 46. Kd3 Nc6 {...Ne5+ is the strong threat.} 47. Rh4 Ne5+ 48. Ke3 Ra3 49. h6 Rxc3+ 50. Kd4 Rc8 {White must now prevent ...Nf3+.} 51. Kd5 {Strongly threatening Rf4+.} Ng6 52. Ra4 Rd8+ 53. Kc5 Kxe6 (53... Nf8 {is interesting.} 54. Rxa5 Nxe6+ 55. Kc6 Kg6 56. Rd5 Nd4+) 54. Rxa5 Rh8 (54... Ne5 {keeps more tension.} 55. Ra6+ Kf5 56. g4+ Kg5 57. h7 Nd7+) 55. Kd4 Rxh6 56. Ra6+ Kf5 57. Ra5+ Kg4 58. Ra6 Kxg3 59. Ke3 Kg4 60. Ke4 Kg5 61. Ra5+ Kf6 62. Ra6+ Kf7 63. Ra7+ Ne7 64. Rb7 Rh4+ 65. Ke5 Rh5+ 66. Ke4 Ke6 67. Rb6+ Kd7 68. Rf6 Nc8 69. Rg6 Nd6+ 70. Kf4 Kc6 71. Rg1 Rf5+ 72. Ke3 $1 Kd5 73. Rd1+ Ke5 74. Rc1 Ne4 75. Ra1 Nc3 76. Ra5+ Nd5+ 77. Ke2 Rh5 78. Kf3 Rh3+ 79. Kg2 Rb3 80. Kf2 Ke4 81. Ra4+ Nb4 82. Ra8 Nd3+ 83. Kg3 Ne5+ 84. Kg2 Rb7 85. Re8 Rg7+ 86. Kf2 Rg5 87. Re7 Kd3 88. Ra7 Rf5+ 89. Kg3 Rf3+ 90. Kg2 Rf8 91. Kg3 Ke3 92. Ra3+ Nd3 93. Kg4 {Accuracy: White = 64%, Black = 68%.} 1/2-1/2

[Event "Skalica Open 2019"]
[Site "Skalica"]
[Date "2019.08.26"]
[Round "2.3"]
[White "Vykouk, Jan"]
[Black "Komliakov, Viktor"]
[Result "1/2-1/2"]
[WhiteElo "2477"]
[BlackElo "2366"]
[Annotator "ChessBase"]
[PlyCount "103"]
[EventDate "2019.08.25"]
[EventType "swiss"]
[EventCountry "SVK"]
[SourceTitle "playchess.com"]
[Source "ChessBase"]
[SourceQuality "1"]
[TimeControl "40/5400+30:1800+30"]

1. e4 {[%emt 0:00:00]} c6 {[%emt 0:00:00]} 2. Nc3 {[%emt 0:02:28]} d5 {[%emt 0:00:01]} 3. Nf3 {[%emt 0:00:07]} Bg4 {[%emt 0:00:58]} 4. h3 {[%emt 0:00:08]} Bxf3 {[%emt 0:00:08]} 5. Qxf3 {[%emt 0:00:06]} e6 {[%emt 0:01:40]} 6. g3 {[%emt 0:00:52]} Nf6 {[%emt 0:04:02]} 7. Bg2 {[%emt 0:00:54]} Bb4 {[%emt 0:01:13]} 8. O-O {[%emt 0:02:49]} Bxc3 {[%emt 0:01:57]} 9. Qxc3 {[%emt 0:00:05]} dxe4 {[%emt 0:00:08]} 10. b3 {[%emt 0:00:04]} Nbd7 {[%emt 0:02:41]} 11. Bb2 {[%emt 0:05:11]} Nb6 {[%emt 0:01:37]} 12. Rfe1 {[%emt 0:01:08]} Nbd5 {[%emt 0:01:45]} 13. Qe5 {[%emt 0:02:09]} Qc7 {[%emt 0:02:26]} 14. Qxc7 {[%emt 0:07:41]} Nxc7 {[%emt 0:00:07]} 15. Bxe4 {[%emt 0:00:03]} Nxe4 {[%emt 0:00:32]} 16. Rxe4 {[%emt 0:00:06]} f6 {[%emt 0:00:42]} 17. d4 {[%emt 0:01:05]} Kf7 {[%emt 0:00:36]} 18. c4 {[%emt 0:00:20]} Rhe8 {[%emt 0:07:13]} 19. Rae1 {[%emt 0:05:22]} Na6 {[%emt 0:03:20]} 20. Bc3 {[%emt 0:01:17]} Rad8 {[%emt 0:04:52]} 21. g4 {[%emt 0:04:26]} c5 {[%emt 0:04:51]} 22. f4 {[%emt 0:01:02]} cxd4 {[%emt 0:01:53]} 23. Rxd4 {[%emt 0:02:30]} Rxd4 {[%emt 0:01:22]} 24. Bxd4 {[%emt 0:00:05]} b6 {[%emt 0:03:34]} 25. Kf2 {[%emt 0:01:09]} Rd8 {[%emt 0:09:49]} 26. Ke3 {[%emt 0:00:45]} h5 {[%emt 0:00:13]} 27. g5 {[%emt 0:02:36]} Nb4 {[%emt 0:11:07]} 28. Re2 {[%emt 0:00:28]} Nc6 {[%emt 0:05:34]} 29. Bc3 {[%emt 0:01:00]} Rd1 {[%emt 0:06:13]} 30. Re1 {[%emt 0:04:25]} Rd7 {[%emt 0:05:56]} 31. Re2 {[%emt 0:03:56]} Rd1 {[%emt 0:00:07]} 32. Rd2 {[%emt 0:07:59]} Rh1 {[%emt 0:01:09]} 33. Rd7+ {[%emt 0:00:09]} Kg6 {[%emt 0:00:15]} 34. gxf6 {[%emt 0:00:33]} gxf6 {[%emt 0:01:28]} 35. Rd6 {[%emt 0:01:07]} Rxh3+ {[%emt 0:00:07]} 36. Kd2 {[%emt 0:00:02]} Rh2+ {[%emt 0:00:37]} 37. Kd1 {[%emt 0:01:58]} Ne7 {[%emt 0:05:08]} 38. Rxe6 {[%emt 0:00:33]} Ng8 {[%emt 0:00:02]} 39. Re2 {[%emt 0:02:43]} Rxe2 {[%emt 0:00:52]} 40. Kxe2 {[%emt 0:00:08]} Kf5 {[%emt 0:00:08]} 41. Kf3 {[%emt 0:30:08]} Ne7 {[%emt 0:30:21]} 42. b4 {[%emt 0:09:35]} Ng6 {[%emt 0:05:35]} 43. Bd2 {[%emt 0:01:16]} h4 {[%emt 0:02:52]} 44. Be3 {[%emt 0:02:47]} h3 {[%emt 0:00:00]} 45. c5 {[%emt 0:00:00]} bxc5 {[%emt 0:00:00]} 46. Bxc5 {[%emt 0:00:00]} Nxf4 {[%emt 0:00:00]} 47. Kg3 {[%emt 0:00:00]} a6 {[%emt 0:00:00]} 48. a4 {[%emt 0:00:00]} Ke6 {[%emt 0:00:00]} 49. b5 {[%emt 0:00:00]} axb5 {[%emt 0:00:00]} 50. axb5 {[%emt 0:00:00]} Kd7 {[%emt 0:00:00]} 51. Be3 {[%emt 0:00:00]} Nd5 {[%emt 0:00:00]} 52. Bg1 {[%emt 0:00:00]} 1/2-1/2

[Event "Skalica Open 2019"]
[Site "Skalica"]
[Date "2019.08.26"]
[Round "2.4"]
[White "Czebe, Attila"]
[Black "Jablonicky, Martin"]
[Result "1-0"]
[WhiteElo "2413"]
[BlackElo "2343"]
[Annotator "ChessBase"]
[PlyCount "122"]
[EventDate "2019.08.25"]
[EventType "swiss"]
[EventCountry "SVK"]
[SourceTitle "playchess.com"]
[Source "ChessBase"]
[SourceQuality "1"]
[TimeControl "40/5400+30:1800+30"]

1. d4 {[%emt 0:00:00]} Nf6 {[%emt 0:00:00]} 2. g3 {[%emt 0:00:24]} g6 {[%emt 0:00:00]} 3. Bg2 {[%emt 0:00:04]} Bg7 {[%emt 0:00:00]} 4. e4 {[%emt 0:00:14]} O-O {[%emt 0:00:45]} 5. e5 {[%emt 0:02:23]} Ne8 {[%emt 0:00:06]} 6. Nf3 {[%emt 0:02:25]} d6 {[%emt 0:02:43]} 7. O-O {[%emt 0:00:16]} Nc6 {[%emt 0:02:10]} 8. exd6 {[%emt 0:03:08]} exd6 {[%emt 0:00:23]} 9. Bg5 {[%emt 0:03:10]} Nf6 {[%emt 0:00:37]} 10. Qc1 {[%emt 0:00:27]} Bg4 {[%emt 0:01:16]} 11. Qf4 {[%emt 0:00:56]} Bxf3 {[%emt 0:07:36]} 12. Bxf3 {[%emt 0:00:24]} h6 {[%emt 0:00:04]} 13. Bxf6 {[%emt 0:05:59]} Qxf6 {[%emt 0:01:59]} 14. Qxf6 {[%emt 0:00:08]} Bxf6 {[%emt 0:00:06]} 15. c3 {[%emt 0:00:03]} Ne7 {[%emt 0:02:00]} 16. Na3 {[%emt 0:00:03]} d5 {[%emt 0:01:22]} 17. Nc2 {[%emt 0:00:04]} c6 {[%emt 0:00:37]} 18. Bg4 {[%emt 0:01:14]} h5 {[%emt 0:01:02]} 19. Bh3 {[%emt 0:00:04]} Nc8 {[%emt 0:03:15]} 20. Bxc8 {[%emt 0:00:05]} Raxc8 {[%emt 0:00:04]} 21. Nb4 {[%emt 0:00:08]} Rfe8 {[%emt 0:01:27]} 22. Rfe1 {[%emt 0:00:11]} Kf8 {[%emt 0:01:25]} 23. Nd3 {[%emt 0:01:39]} Rxe1+ {[%emt 0:01:46]} 24. Rxe1 {[%emt 0:00:05]} b6 {[%emt 0:00:28]} 25. Kg2 {[%emt 0:04:11]} Re8 {[%emt 0:01:13]} 26. Rxe8+ {[%emt 0:01:37]} Kxe8 {[%emt 0:00:05]} 27. h4 {[%emt 0:02:50]} a5 {[%emt 0:03:40]} 28. f4 {[%emt 0:03:41]} Kd7 {[%emt 0:00:53]} 29. f5 {[%emt 0:00:36]} Kd6 {[%emt 0:11:09]} 30. fxg6 {[%emt 0:01:49]} fxg6 {[%emt 0:00:05]} 31. Nf4 {[%emt 0:15:26]} c5 {[%emt 0:00:03]} 32. dxc5+ {[%emt 0:00:44]} Kxc5 {[%emt 0:00:07]} 33. Nxg6 {[%emt 0:03:30]} d4 {[%emt 0:00:07]} 34. cxd4+ {[%emt 0:00:31]} Bxd4 {[%emt 0:00:11]} 35. Nf4 {[%emt 0:00:07]} Kc4 {[%emt 0:09:47]} 36. Nxh5 {[%emt 0:23:02]} Bxb2 {[%emt 0:00:05]} 37. g4 {[%emt 0:00:19]} b5 {[%emt 0:00:26]} 38. g5 {[%emt 0:00:18]} b4 {[%emt 0:01:07]} 39. Nf6 {[%emt 0:00:29]} a4 {[%emt 0:13:38]} 40. h5 {[%emt 0:00:25]} b3 {[%emt 0:04:52]} 41. axb3+ {[%emt 0:30:06]} axb3 {[%emt 0:30:05]} 42. h6 {[%emt 0:04:24]} Bxf6 {[%emt 0:00:10]} 43. gxf6 {[%emt 0:00:03]} b2 {[%emt 0:00:05]} 44. f7 {[%emt 0:00:02]} b1=Q {[%emt 0:00:08]} 45. f8=Q {[%emt 0:00:02]} Qg6+ {[%emt 0:08:07]} 46. Kh3 {[%emt 0:00:13]} Kd5 {[%emt 0:19:10]} 47. Qg7 {[%emt 0:00:09]} Qd3+ {[%emt 0:00:47]} 48. Kh4 {[%emt 0:00:41]} Qe4+ {[%emt 0:00:00]} 49. Qg4 {[%emt 0:00:00]} Qe1+ {[%emt 0:00:00]} 50. Kh5 {[%emt 0:00:00]} Qe8+ {[%emt 0:00:00]} 51. Qg6 {[%emt 0:00:00]} Qe2+ {[%emt 0:00:00]} 52. Kg5 {[%emt 0:00:00]} Qg2+ {[%emt 0:01:04]} 53. Kf6 {[%emt 0:00:00]} Qb2+ {[%emt 0:00:04]} 54. Kf7 {[%emt 0:00:00]} Qb7+ {[%emt 0:00:19]} 55. Kg8 {[%emt 0:00:00]} Qb8+ {[%emt 0:03:46]} 56. Kg7 {[%emt 0:00:00]} Qe5+ {[%emt 0:00:58]} 57. Qf6 {[%emt 0:00:00]} Qg3+ {[%emt 0:00:06]} 58. Kf7 {[%emt 0:00:00]} Qc7+ {[%emt 0:01:20]} 59. Kg6 {[%emt 0:00:00]} Ke4 {[%emt 0:01:36]} 60. h7 {[%emt 0:00:00]} Qg3+ {[%emt 0:00:04]} 61. Kh5 {[%emt 0:00:00]} Kd5 1-0

[Event "Skalica Open 2019"]
[Site "Skalica"]
[Date "2019.08.26"]
[Round "2.5"]
[White "Kuna, Martin"]
[Black "Pulpan, Jakub"]
[Result "0-1"]
[WhiteElo "1969"]
[BlackElo "2397"]
[Annotator "ChessBase"]
[PlyCount "76"]
[EventDate "2019.08.25"]
[EventType "swiss"]
[EventCountry "SVK"]
[SourceTitle "playchess.com"]
[Source "ChessBase"]
[SourceQuality "1"]
[TimeControl "40/5400+30:1800+30"]

1. d4 {[%emt 0:00:00]} Nf6 {[%emt 0:00:00]} 2. Bf4 {[%emt 0:00:25]} d5 {[%emt 0:01:05]} 3. e3 {[%emt 0:00:58]} c5 {[%emt 0:01:42]} 4. c3 {[%emt 0:01:06]} Nc6 {[%emt 0:00:33]} 5. Nd2 {[%emt 0:00:58]} e6 {[%emt 0:03:09]} 6. Ngf3 {[%emt 0:02:32]} Be7 {[%emt 0:00:27]} 7. h3 {[%emt 0:00:37]} Bd6 {[%emt 0:00:31]} 8. Bxd6 {[%emt 0:03:40]} Qxd6 {[%emt 0:00:03]} 9. Bd3 {[%emt 0:00:12]} O-O {[%emt 0:01:02]} 10. O-O {[%emt 0:00:58]} b6 {[%emt 0:01:28]} 11. e4 {[%emt 0:06:36]} cxd4 {[%emt 0:02:36]} 12. cxd4 {[%emt 0:00:33]} dxe4 {[%emt 0:01:34]} 13. Nxe4 {[%emt 0:00:13]} Nxe4 {[%emt 0:00:42]} 14. Bxe4 {[%emt 0:00:07]} Bb7 {[%emt 0:01:01]} 15. d5 {[%emt 0:40:13]} Nb4 {[%emt 0:03:29]} 16. Ng5 {[%emt 0:04:05]} f5 17. Nxe6 {[%emt 0:06:24]} fxe4 {[%emt 0:04:09]} 18. Nxf8 {[%emt 0:00:05]} Rxf8 {[%emt 0:00:12]} 19. Qa4 {[%emt 0:08:10]} Bxd5 {[%emt 0:01:33]} 20. Rad1 {[%emt 0:02:16]} Nd3 {[%emt 0:00:37]} 21. Qd4 {[%emt 0:00:20]} Nf4 {[%emt 0:03:42]} 22. Qxe4 {[%emt 0:05:51]} Bxe4 {[%emt 0:00:14]} 23. Rxd6 {[%emt 0:00:06]} Bxg2 {[%emt 0:00:23]} 24. Re1 {[%emt 0:00:19]} Bxh3 {[%emt 0:07:56]} 25. Re7 {[%emt 0:02:06]} Bg4 {[%emt 0:00:22]} 26. Rxa7 {[%emt 0:01:51]} Nh3+ {[%emt 0:00:46]} 27. Kh2 {[%emt 0:01:29]} b5 {[%emt 0:05:58]} 28. Rb6 {[%emt 0:03:42]} Rxf2+ {[%emt 0:03:32]} 29. Kg3 {[%emt 0:00:22]} h5 {[%emt 0:00:32]} 30. Rbb7 {[%emt 0:00:59]} Rf3+ {[%emt 0:03:28]} 31. Kh2 {[%emt 0:00:13]} Kh7 {[%emt 0:00:55]} 32. Rxg7+ {[%emt 0:00:47]} Kh6 {[%emt 0:00:02]} 33. Rh7+ {[%emt 0:01:43]} Kg5 {[%emt 0:00:17]} 34. Rhf7 {[%emt 0:00:52]} Rd3 {[%emt 0:00:27]} 35. Kg2 {[%emt 0:02:27]} Kh4 {[%emt 0:01:54]} 36. Ra3 {[%emt 0:02:55]} Rd2+ {[%emt 0:00:34]} 37. Kf1 {[%emt 0:00:16]} Rxb2 {[%emt 0:00:18]} 38. Rb3 {[%emt 0:00:23]} Rxa2 {[%emt 0:00:11]} 0-1

[Event "Skalica Open 2019"]
[Site "Skalica"]
[Date "2019.08.26"]
[Round "2.6"]
[White "Lanka, Zigurds"]
[Black "Rakovsky, Jakub"]
[Result "1-0"]
[WhiteElo "2395"]
[BlackElo "1765"]
[Annotator "TA"]
[PlyCount "39"]
[EventDate "2019.08.25"]
[EventType "swiss"]
[EventCountry "SVK"]
[SourceTitle "playchess.com"]
[Source "ChessBase"]
[SourceQuality "1"]

{[%evp 13,54,55,61,60,115,120,119,114,185,193,190,183,192,184,174,178,233,229,215,215,347,330,346,341,666,663,1062,912,870,855,29983,998,2020,891,1108,1113,1059,1022,29969,29971,6395,6736,29999]} 1. e4 c5 2. Nf3 d6 3. d4 cxd4 4. Nxd4 a6 5. c4 Nf6 6. Nc3 Nc6 7. Be2 e6 8. Be3 {B28: Sicilian: 2 Nf3 a6 (O'Kelly Variation)} (8. O-O Qc7 9. Be3 Be7 10. Rc1 Ne5 11. f4 Ned7 12. Bf3 O-O 13. g4 Ne8 14. g5 b6 15. Bg2 Bb7 {1-0 (49) Belous,V (2520)-Mishra,A (2251) Ledyard 2019}) 8... d5 ({Black should try} 8... Be7 $14) 9. exd5 $146 ({Predecessor:} 9. cxd5 exd5 10. Nxc6 bxc6 11. e5 Nd7 12. f4 Bc5 13. Qd2 Qb6 14. Bxc5 Nxc5 15. Rd1 Rb8 {1-0 (35) Djurovic,G (2361)-Grguric,D (2013) Osijek 2012}) 9... exd5 10. cxd5 {White is better.} Nxd5 (10... Ne5 $16 {was necessary.} 11. O-O Bd6) 11. Nxd5 $18 Qxd5 12. O-O $1 Nxd4 13. Bxd4 Be6 14. Bf3 Qb5 (14... Qd7 {is a better defense.} 15. Bc3 O-O-O) 15. a4 Qd7 16. Bc3 Qc7 (16... Bc5 {keeps fighting.} 17. Qxd7+ Kxd7 18. Bxg7 Rhg8) 17. Rc1 {And now Bxg7! would win.} Rd8 18. Qe2 Qb8 $2 {[#]} (18... Rc8 19. Bh5 Qc4) 19. Bh5 $1 {[%mdl 512] Threatening mate with Qxe6+.} Kd7 20. Bxf7 {Played: Bc3-e5} 1-0

[Event "Skalica Open 2019"]
[Site "Skalica"]
[Date "2019.08.26"]
[Round "2.7"]
[White "Maiorov, Nikita"]
[Black "Karas, Marek"]
[Result "1-0"]
[WhiteElo "2512"]
[BlackElo "2233"]
[Annotator "TA"]
[PlyCount "63"]
[EventDate "2019.08.25"]
[EventType "swiss"]
[EventCountry "SVK"]
[SourceTitle "playchess.com"]
[Source "ChessBase"]
[SourceQuality "1"]

{[%evp 9,63,27,20,27,36,29,30,28,35,22,32,38,42,49,68,44,72,23,65,63,64,44,54,42,144,143,176,191,206,206,225,230,224,226,224,209,246,242,290,290,328,328,343,331,428,415,438,409,401,308,499,491,545,527,613,579]} 1. d4 e6 2. c4 Bb4+ 3. Bd2 a5 4. a3 Bxd2+ 5. Qxd2 Nf6 6. Nc3 {A40: Unusual replies to 1 d4} d6 7. Nf3 O-O (7... Nc6 8. e4 O-O 9. Bd3 e5 10. d5 Nb8 11. O-O Na6 12. Bc2 Bg4 13. Ne1 c6 14. Nd3 Rc8 {½-½ (27) Cruz,C (2564)-Delgado Ramirez,N (2623) Antofagasta 2019}) 8. g3 {White has an edge.} b6 9. Bg2 Bb7 10. Qc2 Nbd7 11. O-O Qe7 12. Rfd1 $146 ({Predecessor:} 12. Rac1 Rfe8 13. Rfd1 Rac8 14. e4 e5 15. Nd5 Nxd5 16. cxd5 c6 17. dxe5 cxd5 18. exd6 Qxd6 {0-1 (55) Priyankara,C (2015)-Hamitevici,V (2489) Baku 2016}) 12... Rfe8 13. b3 Rab8 14. e4 e5 15. Nd5 Nxd5 16. cxd5 exd4 ({Better is} 16... f5 $1 $14) 17. Nxd4 $16 Nf6 18. f3 Qd7 19. Rac1 Rec8 20. h4 Ne8 21. Rd3 Rd8 22. Rc3 g6 23. Qd2 Kg7 24. Bf1 ({Don't do} 24. Nc6 $6 Bxc6 25. Rxc6 (25. dxc6 Qe6 $11) 25... Qe7 $16) 24... Rbc8 25. Qg5 h6 26. Qd2 Kh7 {[#]} 27. h5 $1 {[%mdl 512]} g5 (27... gxh5 28. Nf5) 28. Bb5 Qe7 29. Bc6 Ba6 $2 (29... Bxc6 {is a better defense.} 30. Nxc6 Qf6 31. Nxd8 Rxd8) 30. b4 $18 {[%cal Bb3b4,Bb4b5][%mdl 32] White is clearly winning.} Rb8 31. b5 Bc8 32. Bxe8 {Accuracy: White = 84%, Black = 30%.} 1-0